A könyvvizsgálói szakma összetétele, helyzete és jövője

Bibliográfiai részletek
Szerző: Orbán László
További közreműködők: Korom Dr. Erik
Dokumentumtípus: Diplomadolgozat
Kulcsszavak:könyvvizsgálat
számvitel
könyvvizsgálati szakma
Online Access:http://dolgozattar.uni-bge.hu/9711

MARC

LEADER 00000nta a2200000 i 4500
001 dolg9711
005 20161220083605.0
008 161220suuuu hu om 000 hun d
040 |a BGE Dolgozattár Repozitórium  |b hun 
041 |a hu 
100 1 |a Orbán László 
245 1 2 |a A könyvvizsgálói szakma összetétele, helyzete és jövője  |c Orbán László  |h [elektronikus dokumentum] 
695 |a könyvvizsgálat 
695 |a számvitel 
695 |a könyvvizsgálati szakma 
700 1 |a Korom Dr. Erik  |e ths 
856 4 0 |u http://dolgozattar.uni-bge.hu/9711/1/Szakdolgozat_OL_WNFYJN.pdf  |z Dokumentum-elérés 
856 4 0 |u http://dolgozattar.uni-bge.hu/9711/2/Szakdolgozat_titkos%C3%ADt%C3%A1s.pdf  |z Dokumentum-elérés